000 01715nam a22002537a 4500
999 _c63186
_d63186
003 Ge_BSU
005 20250623102321.0
008 250623s2024 ge ||||| |||| 00| 0 geo d
020 _a9789941513619
041 _ageo
080 _a94(479.22)(093) ი-35
245 _aბ. იეგერის ცნობები საქართველოსა და კავკასიის შესახებ /
_cთარგმნეს, შესავალი წერილი, კომენტარები და საძიებლები დაურთეს იზა აღლაძემ და გოჩა საითიძემ; რედაქტორი მაია იანტბელიძე; გარეკანის დიზაინერი ნინო ხვინგია.
264 _aთბილისი :
_bარტანუჯი,
_c2024.
300 _a172 გვ. ;
_b20 სმ.
501 _aკომენტარები: გვ. 131-151. საძიებლები: გვ. 154-165.
520 _aრეზიუმე ინგლისურ ენაზე.
653 _aიეგერი, ბ.
653 _aკავკასიის ისტორიის უცხოური წყაროები.
700 _aაღლაძე, იზა
_eმთარგმნელი
_925481
700 _aსაითიძე, გოჩა
_eმთარგმნელი
_93614
700 _aიანტბელიძე, მაია
_eრედაქტორი
_925482
700 _aხვინგია, ნინო
_eგარეკანის დიზაინერი
_925483
942 _2udc
_cᲬᲘᲒᲜᲘ